000 00627nab a2200181 4500
001 244442
003 OSt
005 20240111084620.0
007 tu
008 200917s2020|||||||
040 _aDE-2950
_cDE-2950
245 0 0 _aShow läuft noch bis Sonntag
_bUnterhaltung. Letzte Chance für allem die Lust auf Zirkus haben: der Weihnachtszirkus in Frankfurt baut bald die Zelte ab. Ein Wiedersehen ist geplant/
_cRené Matschkowiak
264 _c2023
653 _aFrankfurt (Oder)
653 _aWeihnachtszirkus
773 0 _g35. Jahrgang (2024) Nr. 5 vom 06.01.2024, S. 20, mit Foto
_tMärkische Oderzeitung
942 _2z
_cA
999 _c372916
_d372916